000 00602nas a2200229 4500
001 BR8904725
003 BR-BrBNA
005 20231205091718.0
007 ta
008 230509b bl.|||p| |||| 00| 00por d
040 _aBR-BrBNA
_bpor
_cBiblioteca Nacional de Agricultura
041 _a(Pt)
072 _aP06
100 1 _aAnon.
245 1 _aO processo de troca ionica
650 _aION
650 _aRADIACAO IONIZANTE
650 _aALCOOL
773 0 _tUsineiro (Brazil)
_x
_g(Mar-Apr 1988), v. 3(12) p. 60-66
_wBR8904725
909 _a202311
_bLúcia
_c55
_dLúcia Elande
942 _2AGRIS
_n0
_cANA
999 _c126859
_d126859